000 00422nam a2200181Ia 4500
001 3604
005 20260306145655.0
008 260306t2012||||xx |||||||||||||| ||spa||
041 _aESP
082 _a298.2
_bY14
100 _aAiatul-lah ÿa far Subhani
_eAUT
245 0 _aLa historia de Mahoma
260 _c2012
300 _a632 páginas :
_c24 cm.
650 _aGEN
654 _aCHU
942 _cLIB
_dJUS
_fJUS
_2ddc
_n
999 _c3604
_d3604